Score 0/10 Timer 04:00
0 Plays Today
Actor Character name % Correct
Maris ValainisJimmy
95.8%
Gene Hackman (coach)Norman Dale
87.8%
Dennis Hopper (coach)Shooter
84.4%
Wade SchenckOllie
79.7%
Scott SummersStrap
69.2%
Brad LongBuddy
60.8%
Steve HollarRade
49.4%
Kent PooleMerle
43.9%
David NeidorfEverett
37.1%
Brad BoyleWhit
27.4%

You're not logged in!

Compare scores with friends on all Sporcle quizzes.
OR
Log In

Sporcle TV

Today on Sporcle TV


Watch our educational content, quiz creation guides, and fun videos on Sporcle TV.

Show Comments

Extras

Top Quizzes Today


Score Distribution

Paid Content

Your Account Isn't Verified!

In order to create a playlist on Sporcle, you need to verify the email address you used during registration. Go to your Sporcle Settings to finish the process.

Report this User

Report this user for behavior that violates our Community Guidelines.

Details: